Fr. Conceicao Rodrigues College of Engineering

Marketing :Text & Techiques (Record no. 29334)

MARC details
000 -LEADER
fixed length control field 00311nam a2200145Ia 4500
082 ## - DEWEY DECIMAL CLASSIFICATION NUMBER
Classification number 658.8
Item number HAN
100 ## - MAIN ENTRY--PERSONAL NAME
Personal name Hanson/ Harry .L.
245 ## - TITLE STATEMENT
Title Marketing :Text & Techiques
260 ## - PUBLICATION, DISTRIBUTION, ETC.
Name of publisher, distributor, etc. D.B.Taraporevala & Sons
300 ## - PHYSICAL DESCRIPTION
Extent 1024
546 ## - LANGUAGE NOTE
Language note ENGLISH
654 ## - SUBJECT ADDED ENTRY--FACETED TOPICAL TERMS
Focus term Marketing
942 ## - ADDED ENTRY ELEMENTS (KOHA)
Koha item type BOOK
Holdings
Withdrawn status Lost status Damaged status Not for loan Collection Home library Current library Date acquired Total Checkouts Full call number Barcode Date last seen Price effective from Koha item type
        PT Fr. Agnel's C.Rodrigues College of Engineering Fr. Agnel's C.Rodrigues College of Engineering 17/03/2023   658.8 HAN PT442 17/03/2023 17/03/2023 BOOK